Il Cannocchiale e il Pennello (Record no. 3485)

MARC details
000 -CABECERA
campo de control de longitud fija 01046nam a2200265 a 4500
001 - NÚMERO DE CONTROL
campo de control BRCA_3756
005 - FECHA Y HORA DE LA ÚLTIMA TRANSACCIÓN
campo de control 20190320204419.0
008 - DATOS DE LONGITUD FIJA--INFORMACIÓN GENERAL
campo de control de longitud fija 090710s2009 it-a---##b---#000-0dita-d
020 ## - NÚMERO INTERNACIONAL ESTÁNDAR DEL LIBRO
Número Internacional Estándar del Libro 9788809742383
041 ## - CÓDIGO DE LENGUA
Código de lengua del texto/banda sonora o título independiente ita
044 ## - CÓDIGO DEL PAÍS DE LA ENTIDAD EDITORA/PRODUCTORA
Código MARC del país it
050 #4 - SIGNATURA TOPOGRÁFICA DE LA BIBLIOTECA DEL CONGRESO
Número de clasificación QB36.G3
Número de documento/Ítem .C36 2009
245 10 - MENCIÓN DE TÍTULO
Título Il Cannocchiale e il Pennello
Resto del título Nuova Scienza e Nuova Arte nell´etá di Galileo
Mención de responsabilidad, etc. A cura di Lucia Tongiorgi Tomasi, Alessandro Tosi.
260 ## - PUBLICACIÓN, DISTRIBUCIÓN, ETC.
Lugar de publicación, distribución, etc. Florencia, Italia
Nombre del editor, distribuidor, etc. Giunti
Fecha de publicación, distribución, etc. 2009
300 ## - DESCRIPCIÓN FÍSICA
Extensión 414 p.
Otras características físicas il. a color
Dimensiones 26 cm.
500 ## - NOTA GENERAL
Nota general Catálogo de la exposición realizada en el Palazzo Blu (Pisa, Italia), 9 mayo - 19 julio, 2009
500 ## - NOTA GENERAL
Nota general Incluye piezas de la colección Franz Mayer: portada
504 ## - NOTA DE BIBLIOGRAFÍA, ETC.
Nota de bibliografía, etc. Bibliografía: p. 393-414
600 14 - PUNTO DE ACCESO ADICIONAL DE MATERIA--NOMBRE DE PERSONA
Nombre de persona Galilei, Galileo
Fechas asociadas al nombre 1564-1642
Subdivisión de forma Exposiciones
Subdivisión general Influencia
9 (RLIN) 9793
650 14 - PUNTO DE ACCESO ADICIONAL DE MATERIA--TÉRMINO DE MATERIA
Término de materia o nombre geográfico como elemento de entrada Arte y ciencia
Subdivisión de forma Exposiciones
Subdivisión general Historia
Subdivisión cronológica Siglo XVI-XVII
9 (RLIN) 9794
650 14 - PUNTO DE ACCESO ADICIONAL DE MATERIA--TÉRMINO DE MATERIA
Término de materia o nombre geográfico como elemento de entrada Arte moderno
Subdivisión de forma Exposiciones
Subdivisión cronológica Siglo XVII
9 (RLIN) 9795
700 1# - PUNTO DE ACCESO ADICIONAL--NOMBRE DE PERSONA
Nombre de persona Tongiorgi Tomasi, Lucia
9 (RLIN) 9796
700 1# - PUNTO DE ACCESO ADICIONAL--NOMBRE DE PERSONA
Nombre de persona Tosi, Alessandro
9 (RLIN) 9797
942 ## - ELEMENTOS DE PUNTO DE ACCESO ADICIONAL (KOHA)
Fuente del sistema de clasificación o colocación Library of Congress Classification
Tipo de ítem Koha Libros
Holdings
Estado de retiro Estado de pérdida Estado dañado No para préstamo Localización permanente Ubicación/localización actual Fecha de adquisición Total de préstamos Signatura topográfica completa Código de barras Fecha visto por última vez Precio válido a partir de Tipo de ítem Koha
El ejemplar forma parte de la colección y puede ser consultado según las políticas vigentes.       Biblioteca del Museo Franz Mayer (Rogerio Casas-Alatriste) Biblioteca del Museo Franz Mayer (Rogerio Casas-Alatriste) 28/09/2009   QB36.G3 .C36 2009 01049 22/03/2019 22/03/2019 Libros